[Event "Who ia The MASTER"]
[Site "SchemingMind.com"]
[Date "2007.10.02"]
[Round "-"]
[White "Lazaro"]
[Black "Konan_Kaddosh"]
[Result "1/2-1/2"]
[WhiteCountry "CUB"]
[BlackCountry "ITA"]
[WhiteElo "1874"]
[WhiteRD "51"]
[BlackElo "2444"]
[BlackRD "56"]
[GameID "122896"]

1. Nf3 d5 2. d4 Nf6 3. Bf4 c5 4. dxc5 Nc6 5. e3 e6 6. Nbd2 Bxc5 7. Bd3 Qe7 8. Bg5 h6 9. Bh4 e5 10. e4 g5
11. Bg3 Bd7 12. O-O O-O-O 13. exd5 Nxd5 14. Be4 Bg4 15. c4 Ndb4 16. Qb1 Rhf8 17. a3 f5 18. axb4 Nxb4 19. Nb3 fxe4 20. Nxe5 Bf5
21. Nxc5 Qxc5 22. Qc1 a6 23. b3 Rde8 24. Qd2 a5 25. Qc3 b6 26. Rad1 h5 27. h3 h4 28. Bh2 Nd3 29. Nxd3 exd3 30. Qg7 Be4
31. Qa7 Re6 32. Rde1 Rfe8 33. Rxe4 Rxe4 34. Qa8+ Kd7 35. Qb7+ Kd8=
1/2-1/2

[Event "Who ia The MASTER"]
[Site "SchemingMind.com"]
[Date "2007.10.02"]
[Round "-"]
[White "Konan_Kaddosh"]
[Black "Lazaro"]
[Result "1-0"]
[WhiteCountry "ITA"]
[BlackCountry "CUB"]
[WhiteElo "2415"]
[WhiteRD "58"]
[BlackElo "1900"]
[BlackRD "58"]
[GameID "122897"]

1. e4 c6 2. d4 d5 3. Nc3 dxe4 4. Nxe4 Bf5 5. Ng3 Bg6 6. h4 h6 7. Nf3 Nd7 8. h5 Bh7 9. Bd3 Bxd3 10. Qxd3 e6
11. Bf4 Qa5+ 12. Bd2 Qc7 13. Ne4 Ngf6 14. O-O-O Nxe4 15. Qxe4 Nf6 16. Qe2 O-O-O 17. g3 Rd5 18. Bf4 Qa5 19. c4 Rxh5 20. Ne5 Rxh1
21. Rxh1 Bd6 22. Nxf7 Bxf4+ 23. gxf4 Qxa2 24. Rh3
1-0

[Event "Who ia The MASTER"]
[Site "SchemingMind.com"]
[Date "2007.10.16"]
[Round "-"]
[White "Peacemaker"]
[Black "Lazaro"]
[Result "1-0"]
[WhiteCountry "GER"]
[BlackCountry "CUB"]
[WhiteElo "2199"]
[WhiteRD "91"]
[BlackElo "1595"]
[BlackRD "46"]
[GameID "124542"]

1. e4 e5 2. Nf3 Nc6 3. Bc4 Bc5 4. c3 Nf6 5. d3 O-O 6. O-O Be7 7. Re1 d6 8. d4 Bg4 9. d5 Nb8 10. h3 Bh5
11. Nbd2 c6 12. Nf1
1-0

[Event "Who ia The MASTER"]
[Site "SchemingMind.com"]
[Date "2007.10.14"]
[Round "-"]
[White "Peacemaker"]
[Black "Konan_Kaddosh"]
[Result "0-1"]
[WhiteCountry "GER"]
[BlackCountry "ITA"]
[WhiteElo "2146"]
[WhiteRD "97"]
[BlackElo "2467"]
[BlackRD "58"]
[GameID "124543"]

1. e4 c5 2. Nf3 Nc6 3. d4 cxd4 4. Nxd4 e5 5. Nb5 d6 6. c4 Be7 7. N1c3 a6 8. Na3 Be6 9. Be2 Bg5 10. O-O h6
11. Nc2 Nf6 12. Qd3 Rc8 13. b3 Bxc1 14. Raxc1 O-O 15. Rfd1 Qa5 16. a3 Rfd8 17. b4 Qc7 18. Bf1 h5 19. Qg3 a5 20. Ne3 Nd4
21. Ncd5 Bxd5 22. Nxd5 Nxd5 23. exd5 Re8 24. Re1 g6 25. Bd3 Kg7 26. f4 axb4 27. fxe5 dxe5 28. axb4 Qd6 29. Re4 Nf5 30. Qe1 Rcd8
31. Kh1 Nd4 32. Re3 f6 33. Ra1= f5 34. Ra5 e4 35. Ra7 Kf8 36. Bb1= Rc8 37. Qc3 Qxd5 38. Ba2 Qd7 39. c5 Ra8 40. Rxa8 Rxa8
41. Qd2= Kg7
0-1

[Event "Who ia The MASTER"]
[Site "SchemingMind.com"]
[Date "2007.10.17"]
[Round "-"]
[White "Lazaro"]
[Black "Peacemaker"]
[Result "0-1"]
[WhiteCountry "CUB"]
[BlackCountry "GER"]
[WhiteElo "1595"]
[WhiteRD "46"]
[BlackElo "2199"]
[BlackRD "91"]
[GameID "124544"]

1. e4 c5 2. c3 Nf6 3. e5 Nd5 4. d4 cxd4 5. cxd4 d6 6. Nf3 Nc6 7. Nc3 dxe5 8. dxe5 Nxc3 9. Qxd8+ Nxd8 10. bxc3 Bd7
11. Nd4 Rc8 12. Be3= a6 13. Kd2 e6
0-1

[Event "Who ia The MASTER"]
[Site "SchemingMind.com"]
[Date "2007.10.14"]
[Round "-"]
[White "Konan_Kaddosh"]
[Black "Peacemaker"]
[Result "1-0"]
[WhiteCountry "ITA"]
[BlackCountry "GER"]
[WhiteElo "2467"]
[WhiteRD "58"]
[BlackElo "2146"]
[BlackRD "97"]
[GameID "124545"]

1. e4 c5 2. Nf3 Nc6 3. d4 cxd4 4. Nxd4 Nf6 5. Nc3 d6 6. Bg5 e6 7. Qd2 a6 8. O-O-O Bd7 9. f4 b5 10. a3 Be7
11. Nf3 b4 12. axb4 Nxb4 13. Bc4 Qc7 14. Bb3 Rd8 15. Qe2 h6 16. Bh4 a5 17. e5 dxe5 18. fxe5 Nfd5 19. Nxd5 exd5 20. Bxe7 Kxe7
21. e6 fxe6 22. Rhe1 Kf8 23. Ne5 Be8 24. Qg4 Rd6 25. c3 Kg8 26. Ng6 Bf7 27. Qg3 Na6 28. Nxh8 Kxh8= 29. Rf1 Bg8 30. Rf8 Nc5
31. Bc2 Nd7 32. Ra8 e5 33. Qd3 Nf6 34. Qb5 Rb6 35. Qxa5 Qb7 36. Ra7 Qb8 37. Qa3 e4 38. Qe7 Qf4+ 39. Kb1 Qg5 40. Qc7 Re6
41. g3
1-0

[Event "Who ia The MASTER"]
[Site "SchemingMind.com"]
[Date "2007.10.16"]
[Round "-"]
[White "jdcald13"]
[Black "Lazaro"]
[Result "1-0"]
[WhiteCountry "USA"]
[BlackCountry "CUB"]
[WhiteElo "1953"]
[WhiteRD "49"]
[BlackElo "1595"]
[BlackRD "46"]
[GameID "124775"]

1. d4 d5 2. c4 c6 3. Nc3 e6 4. Nf3 Nf6 5. Bg5 dxc4 6. a4 Qb6 7. Qc2 Nd5 8. e4 Nb4 9. Qd2 Qa6 10. Be2 Nd3+
11. Bxd3 cxd3 12. O-O Nd7 13. Rad1 Qb6 14. d5 Nc5 15. Rb1 Qb4 16. Ne1 Nxe4 17. Nxe4 Qxe4 18. dxe6 Bxe6 19. Nxd3 Qd5 20. Qe3 h6
21. Bh4 g5 22. Bg3 Bg7 23. Nc5 Bd4 24. Nxe6 fxe6 25. Qe2 O-O 26. Rfe1 Rf6 27. Qe4 Qxe4 28. Rxe4 Rd8 29. h4 Kf7 30. b4 Bc3
31. b5 c5 32. hxg5 hxg5 33. Be5 Bxe5 34. Rxe5 Rd5 35. Rbe1 Rxe5 36. Rxe5
1-0

[Event "Who ia The MASTER"]
[Site "SchemingMind.com"]
[Date "2007.10.16"]
[Round "-"]
[White "jdcald13"]
[Black "Konan_Kaddosh"]
[Result "0-1"]
[WhiteCountry "USA"]
[BlackCountry "ITA"]
[WhiteElo "1907"]
[WhiteRD "49"]
[BlackElo "2415"]
[BlackRD "58"]
[GameID "124776"]

1. c4 e5 2. g3 Nf6 3. Bg2 c6 4. Nc3 d5 5. cxd5 cxd5 6. d4 exd4 7. Qxd4 Nc6 8. Qa4 Bb4 9. Bg5 h6 10. Bxf6 Qxf6
11. Rc1 O-O 12. Bxd5 Rd8 13. Bxc6 Rd4 14. Qb3 Be6 15. Qc2 Bf5 16. Qb3 Qxc6 17. Nf3 Be6 18. Qc2 Bxc3+ 19. bxc3 Ra4 20. O-O Rxa2
21. Qd3 Bc4 22. Nd4 Bxd3 23. Nxc6 Bxe2 24. Nb4 Bxf1 25. Nxa2 Bc4 26. Rc2 a5 27. f3 Rd8 28. Kf2 Rd1 29. Ke3 Kf8 30. Nc1 Ke7
31. Kf2 Kd6 32. Ne2 a4 33. Nc1 Kc5 34. Ke3 Bb3
0-1

[Event "Who ia The MASTER"]
[Site "SchemingMind.com"]
[Date "2007.10.16"]
[Round "-"]
[White "jdcald13"]
[Black "Peacemaker"]
[Result "0-1"]
[WhiteCountry "USA"]
[BlackCountry "GER"]
[WhiteElo "1948"]
[WhiteRD "47"]
[BlackElo "2146"]
[BlackRD "97"]
[GameID "124777"]

1. c4 Nf6 2. Nc3 e5 3. g3 Bb4 4. Bg2 O-O 5. a3 Bxc3 6. dxc3 d6 7. Nf3 Nc6 8. O-O Be6 9. b3 h6 10. Qc2 Qc8
11. e4 Bh3 12. Be3 Bxg2 13. Kxg2 Qg4 14. Nd2 Qg6 15. Rac1 Ng4 16. Rfe1 Ne7 17. f3 Nxe3+ 18. Rxe3 f5 19. exf5 Nxf5 20. Re4 Rf7
21. Rce1 Nh4+ 22. Kf2 Nxf3 23. Nxf3 Raf8 24. R1e3 Qh5 25. Rh4 Rxf3+ 26. Kg2 Rf2+ 27. Qxf2 Rxf2+ 28. Kxf2 Qf5+ 29. Kg2 Qc2+ 30. Kh3 Qf2
31. Rhe4= Qf1+ 32. Kh4 g6 33. b4 Kg7 34. g4 Qg2 35. g5 hxg5#
0-1

[Event "Who ia The MASTER"]
[Site "SchemingMind.com"]
[Date "2007.10.17"]
[Round "-"]
[White "Lazaro"]
[Black "jdcald13"]
[Result "0-1"]
[WhiteCountry "CUB"]
[BlackCountry "USA"]
[WhiteElo "1595"]
[WhiteRD "46"]
[BlackElo "1953"]
[BlackRD "49"]
[GameID "124778"]

1. e4 e6 2. d4 d5 3. exd5 exd5 4. Nf3 Nf6 5. Bd3 Bg4 6. O-O Be7 7. Bg5 O-O 8. Nbd2 h6 9. Bh4 Nbd7 10. c3 c6
11. Qc2 Re8 12. h3 Bxf3 13. Nxf3 Ne4 14. Bxe4 Bxh4 15. Bf5 Bf6 16. Rfe1 Qc7 17. Re2 Rxe2 18. Qxe2 g6 19. Bxd7 Qxd7 20. Qe3 Bg7
21. Re1 Kf8 22. Ne5 Qe6 23. Qf4 Re8 24. Nf3 Qd7 25. Rxe8+ Kxe8 26. Qb8+ Ke7 27. Qxa7 f5 28. Qb8 Kf7 29. Ne5+ Bxe5 30. dxe5 Kg7
31. f4 g5 32. fxg5 hxg5 33. Kf2 d4 34. Qd6 Qxd6 35. exd6 dxc3 36. d7 cxb2
0-1

[Event "Who ia The MASTER"]
[Site "SchemingMind.com"]
[Date "2007.10.17"]
[Round "-"]
[White "Konan_Kaddosh"]
[Black "jdcald13"]
[Result "1-0"]
[WhiteCountry "ITA"]
[BlackCountry "USA"]
[WhiteElo "2377"]
[WhiteRD "62"]
[BlackElo "1914"]
[BlackRD "55"]
[GameID "124779"]

1. e4 c5 2. Nf3 Nc6 3. d4 cxd4 4. Nxd4 g6 5. Nc3 Bg7 6. Be3 d6 7. Bc4 Nf6 8. f3 O-O 9. Qd2 a6 10. Bb3 Nxd4
11. Bxd4 Be6 12. O-O-O b5 13. h4 Bxb3 14. axb3 b4 15. Nd5 Qa5 16. Nxe7+ Kh8 17. Kb1 Rfe8 18. h5 Nxh5 19. Bxg7+ Kxg7 20. Nf5+ gxf5
21. Rxh5 Re6 22. exf5
1-0

[Event "Who ia The MASTER"]
[Site "SchemingMind.com"]
[Date "2007.10.17"]
[Round "-"]
[White "Peacemaker"]
[Black "jdcald13"]
[Result "1-0"]
[WhiteCountry "GER"]
[BlackCountry "USA"]
[WhiteElo "2146"]
[WhiteRD "97"]
[BlackElo "1948"]
[BlackRD "47"]
[GameID "124780"]

1. e4 c5 2. Nf3 Nc6 3. d4 cxd4 4. Nxd4 Nf6 5. Nc3 d6 6. Bg5 e5 7. Ndb5 a6 8. Na3 b5 9. Bxf6 gxf6 10. Nd5 f5
11. Bd3 fxe4 12. Bxe4 Bb7 13. O-O Bg7 14. Ne3 O-O 15. Qh5 h6 16. Qf5 Re8 17. Qh7+ Kf8 18. Rfd1 Na5 19. b4 Bxe4 20. Qxe4 Nc4
21. Naxc4 bxc4 22. Nxc4 Re6 23. Rxd6 Rxd6 24. Nxd6 Ra7 25. Rd1 Rd7 26. Qc6 Kg8 27. c4 a5 28. b5 Bf8 29. c5
1-0

[Event "Who ia The MASTER"]
[Site "SchemingMind.com"]
[Date "2007.10.23"]
[Round "-"]
[White "dvella"]
[Black "jdcald13"]
[Result "0-1"]
[WhiteCountry "MLT"]
[BlackCountry "USA"]
[WhiteElo "2069"]
[WhiteRD "86"]
[BlackElo "1948"]
[BlackRD "47"]
[GameID "125625"]

1. e4 c5 2. Nf3 Nc6 3. Bb5 g6 4. Bxc6 bxc6 5. d3 Bg7 6. Nc3 Nf6 7. O-O O-O 8. h3 d6 9. Be3 Be6 10. Ng5 h6
11. Nxe6 fxe6 12. e5 Nd5 13. Nxd5 exd5 14. Qg4 Kh7 15. exd6 Qxd6 16. Rab1 Rab8 17. b3 e5 18. Rbe1 Rb4 19. c4 Rb7 20. Rc1 d4
21. Bd2 Rbf7 22. Rce1 h5 23. Qe4 Rf5 24. g4 hxg4 25. hxg4 Rf3 26. Kg2 Qf6 27. Re2 Kg8 28. g5 Qe6 29. Rh1 Qf7 30. Qh4 Qf5
31. Rh3 Rxd3 32. Rxd3 Qxd3 33. Qe4 Qxe4+ 34. Rxe4 Kf7 35. f3 Ke6 36. Kg3 Rh8 37. f4 Kf5 38. Re2 e4 39. Ba5 Rh1 40. Bc7 d3
41. Rd2 Bc3
0-1

[Event "Who ia The MASTER"]
[Site "SchemingMind.com"]
[Date "2007.10.23"]
[Round "-"]
[White "dvella"]
[Black "Lazaro"]
[Result "1-0"]
[WhiteCountry "MLT"]
[BlackCountry "CUB"]
[WhiteElo "2069"]
[WhiteRD "86"]
[BlackElo "1856"]
[BlackRD "56"]
[GameID "125626"]

1. e4 c5 2. Nf3 d6 3. d4 cxd4 4. Nxd4 Nf6 5. Nc3 a6 6. f4 e5 7. Nf3 Qc7 8. a4 Be7 9. Bd3 O-O 10. O-O Nbd7
11. Nh4 Nc5 12. Qe1 Rd8 13. Nf5 Bxf5 14. exf5 Nxd3 15. cxd3 Qd7 16. fxe5 dxe5 17. Qxe5
1-0

[Event "Who ia The MASTER"]
[Site "SchemingMind.com"]
[Date "2007.10.23"]
[Round "-"]
[White "dvella"]
[Black "Konan_Kaddosh"]
[Result "0-1"]
[WhiteCountry "MLT"]
[BlackCountry "ITA"]
[WhiteElo "2093"]
[WhiteRD "89"]
[BlackElo "2444"]
[BlackRD "56"]
[GameID "125627"]

1. e4 c5 2. Nf3 Nc6 3. Bb5 e6 4. O-O Nge7 5. c3 a6 6. Ba4 b5 7. Bc2 Bb7 8. Qe2 Ng6 9. d4 cxd4 10. cxd4 Be7
11. Nc3 O-O 12. Be3 Na5 13. Rad1 Nc4 14. Bc1 Rc8 15. Bd3 Bb4 16. Bxc4 Rxc4 17. Bd2 f5 18. Ng5 h6 19. exf5 Nh4 20. fxe6 Bxg2
21. Rfe1 hxg5 22. e7 Bxe7 23. Qxe7 Qc7 24. Re5 Rxd4 25. Bxg5 Rxd1+ 26. Nxd1 Qc4 27. Re1 Nf3+ 28. Kxg2 Qg4+ 29. Kh1 Qh3 30. Qd6 Nxe1
31. Qd5+ Kh8 32. Ne3 Nf3 33. Qd6 Rc8
0-1

[Event "Who ia The MASTER"]
[Site "SchemingMind.com"]
[Date "2007.10.23"]
[Round "-"]
[White "dvella"]
[Black "Peacemaker"]
[Result "0-1"]
[WhiteCountry "MLT"]
[BlackCountry "GER"]
[WhiteElo "2080"]
[WhiteRD "82"]
[BlackElo "2199"]
[BlackRD "91"]
[GameID "125628"]

1. e4 c5 2. Nf3 Nc6 3. Bb5 g6 4. Bxc6 dxc6 5. d3 Bg7 6. O-O Nf6 7. h3 O-O 8. Nc3 Nd7 9. Be3 b6 10. Qd2 Ne5
11. Nh2 f5 12. f4 Nf7 13. Rae1 fxe4 14. Nxe4 Bxb2 15. c3 Ba3 16. Qd1 Bf5 17. Ng3 Bxd3 18. Qb3 Bxf1 19. Nhxf1 e5 20. Qxa3 Qh4
21. f5 gxf5 22. Bf2 Qf6 23. c4 Nd6 24. Qc3 Rae8 25. Nd2 Qh6 26. a4 e4 27. Kh2 Rf7 28. a5 Rfe7 29. Bg1 e3 30. Nf3 Qf4
31. Qf6 Qxg3+
0-1

[Event "Who ia The MASTER"]
[Site "SchemingMind.com"]
[Date "2007.10.22"]
[Round "-"]
[White "jdcald13"]
[Black "dvella"]
[Result "1/2-1/2"]
[WhiteCountry "USA"]
[BlackCountry "MLT"]
[WhiteElo "1948"]
[WhiteRD "47"]
[BlackElo "2069"]
[BlackRD "86"]
[GameID "125629"]

1. d4 d5 2. Bf4 c6 3. Nf3 Bf5 4. e3 e6 5. c4 Nf6 6. Nc3 Qb6 7. Qb3 Nbd7 8. Be2 Be7 9. O-O O-O 10. c5 Qxb3
11. axb3 Nh5 12. Ne5 Nxf4 13. exf4 Nf6 14. b4 Ne4 15. g4 Bg6 16. Nxe4 Bxe4 17. f3 Bg6 18. b5 f6 19. Nxg6 hxg6 20. bxc6 bxc6
21. Ra6 Rfc8 22. Rfa1 Rc7 23. b4 Kf7 24. b5 cxb5 25. Bxb5 e5 26. fxe5 fxe5 27. Bc6 Rd8 28. dxe5 Bxc5+ 29. Kg2 Bb6 30. Bb5 Rc2+
31. Kg3 Bd4 32. Rxa7+ Bxa7 33. Rxa7+ Ke6 34. f4 Rc3+ 35. Kh4 d4 36. Rxg7 d3 37. Rxg6+ Kf7 38. Bxd3 Rcxd3 39. f5 Rh8+ 40. Kg5 Rxh2
41. e6+ Kf8 42. Kf6 Rh8 43. g5 Rh7 44. Rh6 Rxh6+ 45. gxh6 Rh3 46. Kg6 Rg3+ 47. Kf6 Rh3 48. Kg6 Rg3+ 49. Kf6=
1/2-1/2

[Event "Who ia The MASTER"]
[Site "SchemingMind.com"]
[Date "2007.10.23"]
[Round "-"]
[White "Lazaro"]
[Black "dvella"]
[Result "0-1"]
[WhiteCountry "CUB"]
[BlackCountry "MLT"]
[WhiteElo "1595"]
[WhiteRD "46"]
[BlackElo "2080"]
[BlackRD "82"]
[GameID "125630"]

1. e4 c5 2. Nf3 d6 3. d4 cxd4 4. Nxd4 Nf6 5. Nc3 g6 6. Be3 Bg7 7. f3 Nc6 8. Qd2 O-O 9. O-O-O d5 10. Nxc6 bxc6
11. exd5 cxd5 12. Nxd5 Nxd5 13. Qxd5 Qc7 14. Qc5 Qb7 15. c3 Bf5 16. Qd5 Qc7 17. Bd3 Bxc3 18. Qc5 Qxc5 19. Bxc5 Bf6 20. Bxf5 gxf5
21. Kb1 Rfc8
0-1

[Event "Who ia The MASTER"]
[Site "SchemingMind.com"]
[Date "2007.10.22"]
[Round "-"]
[White "Konan_Kaddosh"]
[Black "dvella"]
[Result "1-0"]
[WhiteCountry "ITA"]
[BlackCountry "MLT"]
[WhiteElo "2444"]
[WhiteRD "56"]
[BlackElo "2093"]
[BlackRD "89"]
[GameID "125631"]

1. e4 c5 2. Nf3 d6 3. d4 cxd4 4. Nxd4 Nf6 5. Nc3 g6 6. Be3 Bg7 7. f3 O-O 8. Qd2 Nc6 9. O-O-O d5 10. exd5 Nxd5
11. Nxc6 bxc6 12. Nxd5 cxd5 13. Qxd5 Qc7 14. Qc5 Qb8 15. c3 Be6 16. Bd3 a5 17. Be4 Rc8 18. Qa3 Qe5 19. g3 Ra6 20. Rd2 Bf6
21. Rhd1 Qb5 22. Bd3 Bc4 23. Qb3 Bxd3 24. Rxd3 Qe8 25. a4 Rac6 26. Qb5 Rc4 27. Rd7 e6 28. Kb1 Kg7 29. Ra7 Rxa4 30. Rdd7 Rac4
31. Qb7 Bxc3 32. Rxf7+ Kg8 33. Rf8+
1-0

[Event "Who ia The MASTER"]
[Site "SchemingMind.com"]
[Date "2007.10.23"]
[Round "-"]
[White "Peacemaker"]
[Black "dvella"]
[Result "0-1"]
[WhiteCountry "GER"]
[BlackCountry "MLT"]
[WhiteElo "2146"]
[WhiteRD "97"]
[BlackElo "2069"]
[BlackRD "86"]
[GameID "125632"]

1. e4 c5 2. Nf3 d6 3. d4 cxd4 4. Nxd4 Nf6 5. Nc3 g6 6. Be3 Bg7 7. f3 O-O 8. Qd2 Nc6 9. O-O-O d5 10. exd5 Nxd5
11. Nxc6 bxc6 12. Bd4 e5 13. Bc4 exd4
0-1

[Event "Who ia The MASTER"]
[Site "SchemingMind.com"]
[Date "2007.10.24"]
[Round "-"]
[White "Efren ramos"]
[Black "dvella"]
[Result "0-1"]
[WhiteCountry "NCA"]
[BlackCountry "MLT"]
[WhiteElo "1854"]
[WhiteRD "81"]
[BlackElo "2080"]
[BlackRD "82"]
[GameID "125844"]

1. Nf3 d5 2. c4 d4 3. Qa4+ Bd7 4. Qb3 Bc6 5. e3 dxe3 6. dxe3 e6 7. Be2 Nf6 8. Nc3 Nbd7 9. O-O Bd6 10. a3 Nc5
11. Qc2 Nce4 12. Rd1 Qe7 13. Nd4 Nxc3 14. Qxc3 Bd7 15. b4 c5 16. Nc2 Ba4 17. b5 O-O 18. Bb2 Rfd8 19. Rd2 Bxc2 20. Qxc2 Rd7
21. Rad1 Rad8 22. Bf3 h6 23. g3 Bb8 24. Kg2 Ne8 25. a4 Nd6 26. a5 e5 27. Bd5 Kh8 28. f4 e4
0-1

[Event "Who ia The MASTER"]
[Site "SchemingMind.com"]
[Date "2007.10.23"]
[Round "-"]
[White "Efren ramos"]
[Black "jdcald13"]
[Result "0-1"]
[WhiteCountry "NCA"]
[BlackCountry "USA"]
[WhiteElo "1888"]
[WhiteRD "87"]
[BlackElo "1931"]
[BlackRD "46"]
[GameID "125845"]

1. d4 d5 2. c4 dxc4 3. Nf3 c6 4. e4 b5 5. a4 Nf6 6. Qc2 Bg4 7. Nbd2 e6 8. b3 cxb3 9. Qxb3 Bxf3 10. Nxf3 b4
11. Bd3 Be7 12. a5 O-O 13. Bg5 Nbd7 14. O-O c5 15. Rfd1 cxd4 16. e5 Nd5 17. h4 Nc5 18. Qb1 h6 19. Bxe7 Qxe7 20. Bh7+ Kh8
21. Rxd4 Nc3 22. Qc2 Nb3 23. Rg4 Nxa1 24. Qb2 Kxh7 25. Qxa1 Rfd8
0-1

[Event "Who ia The MASTER"]
[Site "SchemingMind.com"]
[Date "2007.10.24"]
[Round "-"]
[White "Efren ramos"]
[Black "Lazaro"]
[Result "1-0"]
[WhiteCountry "NCA"]
[BlackCountry "CUB"]
[WhiteElo "1854"]
[WhiteRD "81"]
[BlackElo "1595"]
[BlackRD "46"]
[GameID "125846"]

1. d4 Nf6 2. c4 e6 3. Nf3 b6 4. g3 Ba6 5. b3 Bb4+ 6. Bd2 Be7 7. Bg2 Bb7 8. O-O O-O 9. Bc3 Ne4 10. Bb2 d5
11. Nbd2 Nc6 12. e3 f5 13. cxd5 exd5 14. Rc1 Qd7 15. Ne1 Ba6 16. Nef3
1-0

[Event "Who ia The MASTER"]
[Site "SchemingMind.com"]
[Date "2007.10.24"]
[Round "-"]
[White "Efren ramos"]
[Black "Konan_Kaddosh"]
[Result "0-1"]
[WhiteCountry "NCA"]
[BlackCountry "ITA"]
[WhiteElo "1888"]
[WhiteRD "87"]
[BlackElo "2444"]
[BlackRD "56"]
[GameID "125847"]

1. Nf3 Nf6 2. c4 e6 3. Nc3 c5 4. g3 Nc6 5. Bg2 d5 6. cxd5 exd5 7. d4 Be7 8. O-O O-O 9. b3 Ne4 10. Na4 cxd4
11. Bb2 b5 12. Rc1 Qd6 13. Rxc6 Qxc6 14. Nxd4 Qd7 15. Nc3 Nxc3 16. Bxc3 b4 17. Bd2 Bb7 18. Qb1 g6 19. Rd1 Rfc8 20. h4 a5
21. h5 Bf6 22. Be3 Rc3 23. Kh2 Re8 24. Bh3 Qe7 25. hxg6 hxg6 26. Rd3 Bxd4 27. Bxd4 Qxe2 28. Rxc3 bxc3
0-1

[Event "Who ia The MASTER"]
[Site "SchemingMind.com"]
[Date "2007.10.26"]
[Round "-"]
[White "Efren ramos"]
[Black "Peacemaker"]
[Result "0-1"]
[WhiteCountry "NCA"]
[BlackCountry "GER"]
[WhiteElo "1854"]
[WhiteRD "81"]
[BlackElo "2199"]
[BlackRD "91"]
[GameID "125848"]

1. Nf3 Nf6 2. d4 g6 3. c4 Bg7 4. Nc3 O-O 5. e4 d6 6. Be2 e5 7. dxe5 dxe5 8. Qxd8 Rxd8 9. Bg5 Re8 10. O-O-O h6
11. Bxf6 Bxf6 12. Nb5 Na6 13. h3 Be7 14. a3 f6 15. Nh4 Kg7 16. g3 c6 17. Nd6 Bxd6 18. Rxd6 Nc5
0-1

[Event "Who ia The MASTER"]
[Site "SchemingMind.com"]
[Date "2007.10.24"]
[Round "-"]
[White "dvella"]
[Black "Efren ramos"]
[Result "1-0"]
[WhiteCountry "MLT"]
[BlackCountry "NCA"]
[WhiteElo "2080"]
[WhiteRD "82"]
[BlackElo "1854"]
[BlackRD "81"]
[GameID "125849"]

1. e4 e5 2. Nf3 Nc6 3. Bb5 a6 4. Ba4 Nf6 5. O-O Be7 6. Re1 b5 7. Bb3 d6 8. c3 O-O 9. h3 Na5 10. Bc2 c5
11. d4 Qc7 12. Nbd2 Rd8 13. d5 Bd7 14. Nf1 Nb7 15. Ng3 h6 16. Nh4 Nxd5 17. Nhf5 Bxf5 18. Nxf5 Nb6 19. Qg4 Bf6 20. Bxh6 g6
21. Rad1 Kh7 22. Bc1 Rh8 23. Ng3 Kg8 24. f4 Rh4 25. Qf3 Qe7 26. f5
1-0

[Event "Who ia The MASTER"]
[Site "SchemingMind.com"]
[Date "2007.10.23"]
[Round "-"]
[White "jdcald13"]
[Black "Efren ramos"]
[Result "1-0"]
[WhiteCountry "USA"]
[BlackCountry "NCA"]
[WhiteElo "1948"]
[WhiteRD "47"]
[BlackElo "1845"]
[BlackRD "83"]
[GameID "125850"]

1. Nf3 Nf6 2. c4 c5 3. g3 b6 4. Bg2 Bb7 5. O-O e6 6. Nc3 Be7 7. a3 O-O 8. Rb1 d6 9. b4 Nbd7 10. d3 a6
11. Bb2 Qc7 12. e4 Rad8 13. Nd2 Ne5 14. Qe2 Rfe8 15. f4 Nc6 16. Ba1 Nd4 17. Qd1 h6 18. Nf3 Nxf3+ 19. Bxf3 e5 20. f5 Bc6
21. h4 b5 22. Nd5 Bxd5 23. cxd5 cxb4 24. axb4 Qb6+ 25. Kg2 Rc8 26. Qd2 Nd7 27. Rbc1 Qb7 28. Kh3 Rxc1 29. Rxc1 Rc8 30. g4 Rxc1
31. Qxc1 Bd8 32. g5 hxg5 33. hxg5 Bb6 34. f6 Nf8 35. Bg4 Ng6 36. Bc8 Qa7 37. Qc6 Bg1 38. d4
1-0

[Event "Who ia The MASTER"]
[Site "SchemingMind.com"]
[Date "2007.10.24"]
[Round "-"]
[White "Lazaro"]
[Black "Efren ramos"]
[Result "0-1"]
[WhiteCountry "CUB"]
[BlackCountry "NCA"]
[WhiteElo "1595"]
[WhiteRD "46"]
[BlackElo "1854"]
[BlackRD "81"]
[GameID "125851"]

1. e4 c5 2. Nf3 d6 3. Bb5+ Bd7 4. Bxd7+ Qxd7 5. O-O Nc6 6. c3 Nf6 7. d3 g6 8. Re1 Bg7 9. Bg5 O-O 10. d4 cxd4
11. cxd4 h6 12. Bxf6 Bxf6 13. Nc3 Bg7 14. Qd2 Rac8 15. Rac1 Qg4
0-1

[Event "Who ia The MASTER"]
[Site "SchemingMind.com"]
[Date "2007.10.24"]
[Round "-"]
[White "Konan_Kaddosh"]
[Black "Efren ramos"]
[Result "1-0"]
[WhiteCountry "ITA"]
[BlackCountry "NCA"]
[WhiteElo "2444"]
[WhiteRD "56"]
[BlackElo "1888"]
[BlackRD "87"]
[GameID "125852"]

1. e4 c5 2. Nf3 d6 3. d4 cxd4 4. Nxd4 Nf6 5. Nc3 a6 6. Be2 e5 7. Nb3 Be6 8. f4 Qc7 9. O-O Nbd7 10. f5 Bc4
11. a4 Be7 12. Be3 Rc8 13. a5 Bxe2 14. Qxe2 Qc4 15. Qf3 h6 16. Ra4 Qc7 17. Qg3 Kf8 18. Nd2 Nc5 19. Rc4 Qb8 20. Bxc5 Rxc5
21. Rxc5 dxc5 22. Nc4 Nd7 23. Rd1 Qc7 24. Nd5 Qc6 25. Nxe7 Kxe7 26. Nxe5
1-0

[Event "Who ia The MASTER"]
[Site "SchemingMind.com"]
[Date "2007.10.27"]
[Round "-"]
[White "Peacemaker"]
[Black "Efren ramos"]
[Result "1-0"]
[WhiteCountry "GER"]
[BlackCountry "NCA"]
[WhiteElo "2199"]
[WhiteRD "91"]
[BlackElo "1854"]
[BlackRD "81"]
[GameID "125853"]

1. e4 e5 2. Nf3 Nf6 3. Nxe5 d6 4. Nf3 Nxe4 5. d4 d5 6. Bd3 Bd6 7. O-O O-O 8. c4 c6 9. cxd5 cxd5 10. Nc3 Nxc3
11. bxc3 Nc6 12. Re1 Bg4 13. Rb1 Qd7 14. h3 Bxf3 15. Qxf3 Rfe8 16. Rxe8+ Rxe8 17. Kf1 Bb8 18. Qf5 Qxf5 19. Bxf5
1-0

[Event "Who ia The MASTER"]
[Site "SchemingMind.com"]
[Date "2007.10.25"]
[Round "-"]
[White "Konan_Kaddosh"]
[Black "zciwar"]
[Result "1-0"]
[WhiteCountry "ITA"]
[BlackCountry "POL"]
[WhiteElo "2444"]
[WhiteRD "56"]
[BlackElo "1796"]
[BlackRD "83"]
[GameID "125996"]

1. e4 e5 2. Nf3 Nc6 3. Bb5 Nf6 4. O-O Nxe4 5. Re1 Nd6 6. Nxe5 Nxe5 7. Rxe5+ Be7 8. Bd3 O-O 9. Qf3 Bf6 10. Re3 Re8
11. Nc3
1-0

[Event "Who ia The MASTER"]
[Site "SchemingMind.com"]
[Date "2007.10.26"]
[Round "-"]
[White "BogusAurelius"]
[Black "dvella"]
[Result "1-0"]
[WhiteCountry "USA"]
[BlackCountry "MLT"]
[WhiteElo "2040"]
[WhiteRD "75"]
[BlackElo "2069"]
[BlackRD "86"]
[GameID "126223"]

1. e4 c5 2. Nf3 d6 3. d4 cxd4 4. Nxd4 Nf6 5. Nc3 g6 6. Be3 Bg7 7. f3 Nc6 8. Bc4 O-O 9. Qd2 Bd7 10. O-O Rc8
11. Bb3 Ne5 12. Qe2 Qa5 13. Kh1 a6 14. a4 Rfd8 15. Rad1 Be8 16. Bf2 Ned7 17. Be1 Qh5 18. g4 Qh3 19. Rg1 e5 20. Nf5 gxf5
21. exf5 Bf8 22. Rg3 Qh4 23. Qg2 Qg5 24. Bd2 Qg7 25. g5 Nh5 26. Rh3 Nf4 27. Bxf4 exf4 28. Nd5 Rc5 29. c3 Rxd5 30. Rxd5 Ne5
31. f6 Qh8 32. Qd2 Ng6 33. Bc2 h6 34. Rh5 Bc6 35. Be4 Re8 36. Rxd6 Re5 37. Bxc6 bxc6 38. Rxc6 Rxg5 39. Rxg5 hxg5 40. Rxa6 Qh3
41. Qe2 Ne5 42. Qg2 Qxf3 43. Qxf3 Nxf3 44. Ra8 Nd2 45. a5 f3 46. Kg1 f2+ 47. Kxf2 Ne4+ 48. Kg2 Nxf6 49. a6
1-0